Statistics for MCR songs

Click here to take the quiz!

General Stats

  • This quiz has been taken 134 times
  • The average score is 12 of 14

Answer Stats

QuestionAnswer% Correct
"They're gonna clean up your looks with all the lies and the books"Teenagers
100%
"When I was a young boy. My father took me into the city. To see a marching band"Welcome to the black parade
99%
"Long ago Just like the hearse you die to get in again We are so far from you"Helena
93%
"Of water, 'cause my lips are chapped and faded Call my Aunt Marie"Cancer
89%
"Now I know that I can't make you stay But where's your heart?"Famous last words
89%
"I'm writing this letter and wishing you well"MAMA
88%
"Now, come one, come all to this tragic affair"The end
88%
Well, I was there on the day They sold the cause for the queenDisenchanted
86%
"Well, when you go Don't ever think I'll make you try to stay"I dont love you
84%
"They're... They're these terrors And it feels as if somebody was gripping my"SLEEP
84%
"And if your heart stops beating I'll be here wondering"Dead
80%
"Well, I know a thing about contrition Because I got enough to spare"Home of wolves
76%
"To un-explain the unforgivable Drain all the blood and give the kids a show"This is how i disappear
72%
"Well, it rains and it pours when you're out on your own"The sharpest lives
69%

Score Distribution

Percentile by Number Answered

Percent of People with Each Score

Your Score History

You have not taken this quiz